| 000 | 00752nam a2200181Ia 4500 | ||
|---|---|---|---|
| 008 | 090124s9999 xx 000 0 und d | ||
| 082 | _b38793 | ||
| 100 | _aश्रीवास्तव सी. पी. | ||
| 245 | _a भ्रष्टाचार भारताचा अंतस्थ शत्रू | ||
| 250 | _a1 | ||
| 260 |
_bरोहन प्रकाशन _c2002 |
||
| 300 | _a255 | ||
| 600 | _aश्रीवास्तव सी. पी. | ||
| 630 | _a भ्रष्टाचार भारताचा अंतस्थ शत्रू | ||
| 700 | _aश्रीवास्तव सी. पी. | ||
| 730 | _a भ्रष्टाचार भारताचा अंतस्थ शत्रू | ||
| 942 | _cBOOK | ||
| 999 |
_c104880 _d104880 |
||